书目信息 |
| 题名: |
激光表面改性处理合金的耐腐蚀性能
|
|
| 作者: | 考克 主编 | |
| 分册: | ||
| 出版信息: | 哈尔滨 哈尔滨工业大学出版社 2017.10 |
|
| 页数: | 384页 | |
| 开本: | 23cm | |
| 丛书名: | 材料科学与工程 | |
| 单 册: | ||
| 中图分类: | TG139 | |
| 科图分类: | ||
| 主题词: | 合金--表面改性--耐蚀性--研究--英文 | |
| 电子资源: | ||
| ISBN: | 978-7-5603-6409-4 | |
| 000 | 01345oam2 2200301 450 | |
| 001 | 1338 | |
| 005 | 20180928084307.88 | |
| 010 | @a978-7-5603-6409-4@dCNY260.00 | |
| 100 | @a20180412d2017 em y0chiy50 ea | |
| 101 | 0 | @aeng |
| 102 | @aCN@b230000 | |
| 105 | @aak az 001yy | |
| 200 | 1 | @a激光表面改性处理合金的耐腐蚀性能@9ji guang biao mian gai xing chu li he jin de nai fu shi xing neng@dLaser surface modification of alloys for corrosion and erosion resistance@f[(美)迟·泰特·考克主编]@zeng |
| 205 | @a影印版 | |
| 210 | @a哈尔滨@c哈尔滨工业大学出版社@d2017.10 | |
| 215 | @a384页@c图@d23cm | |
| 225 | 2 | @a材料科学与工程 |
| 306 | @a本书英文影印版由Elsevier Pte Ltd授权哈尔滨大学出版社出版发行。 | |
| 314 | @a责任者取自版权页 | |
| 320 | @a有书目和索引 | |
| 330 | @a本书介绍了近年来激光表面改性技术在腐蚀防护、防蚀损伤零部件修复等方面的应用成果,讨论了钢、镍合金、钛合金等合金提高耐蚀性能的多种技术方法,分析了应用激光表面改性技术防止金属遭受液体冲蚀等不同腐蚀机制的腐蚀以及激光再制作损伤零件等的研究成果。 | |
| 461 | 0 | @12001 @a材料科学与工程 |
| 510 | 1 | @aLaser surface modification of alloys for corrosion and erosion resistance@zeng |
| 606 | 0 | @a合金@x表面改性@x耐蚀性@x研究@x英文 |
| 690 | @aTG139@v5 | |
| 701 | 1 | @c(美)@a考克@9kao ke@c(Kwok, Chi Tat)@4主编 |
| 801 | 0 | @aCN@b91MARC@c20180412 |
| 905 | @aMuseLib@dTG139@e81 | |
| 激光表面改性处理合金的耐腐蚀性能=Laser surface modification of alloys for corrosion and erosion resistance/[(美)迟·泰特·考克主编].-影印版.-哈尔滨:哈尔滨工业大学出版社,2017.10 |
| 384页:图;23cm.-(材料科学与工程) |
| ISBN 978-7-5603-6409-4:CNY260.00 |
| 本书介绍了近年来激光表面改性技术在腐蚀防护、防蚀损伤零部件修复等方面的应用成果,讨论了钢、镍合金、钛合金等合金提高耐蚀性能的多种技术方法,分析了应用激光表面改性技术防止金属遭受液体冲蚀等不同腐蚀机制的腐蚀以及激光再制作损伤零件等的研究成果。 |
| ● |
| 相关链接 |
|
|
|
|
正题名:激光表面改性处理合金的耐腐蚀性能
索取号:TG139/81
 
预约/预借
| 序号 | 登录号 | 条形码 | 馆藏地/架位号 | 状态 | 备注 |
| 1 | 1122151 | 211221514 | 第二样本阅览室/ [索取号:TG139/81] | 在馆 | |
| 2 | 1122152 | 211221523 | 化学系资料室/ [索取号:TG139/81] | 在馆 |